PSE 1. Gruppe - Statistiken

Allgemein
  • Dieses Quiz wurde 584 mal gespielt
  • Das Durchschnittsergebnis liegt bei 5 aus 7
Antwortstatistiken
Antwort % Korrekt
Wasserstoff
99%
Lithium
86%
Natrium
82%
Kalium
79%
Caesium
60%
Francium
60%
Rubidium
60%
Keine übereinstimmenden Quizze gefunden
Verteilung der Resultate
Anzahl Personen mit jedem Resultat
Perzentil nach korrekt beantworteten Fragen
Ihre Resultats-Entwicklung
Sie haben dieses Quiz noch nicht gespielt